Štýl vedenia vo vzťahu k výkonu zamestnancov diplomová práca

Guardado en:
Detalles Bibliográficos
Autor principal: Kulcsárová, Andrea
Autor Corporativo: Podnikovohospodárska fakulta EU so sídlom v Košiciach. Katedra manažmentu
Otros Autores: Olexová, Cecília, 1976-
Formato: Libro
Lenguaje:eslovaco
Publicado: Košice 2018
Etiquetas: Agregar Etiqueta
Sin Etiquetas, Sea el primero en etiquetar este registro!

MARC

LEADER 00000nbm a2200000 4500
001 0244135
005 20181019123125.8
041 0 |a slo 
044 |a SK 
245 1 0 |a Štýl vedenia vo vzťahu k výkonu zamestnancov  |b diplomová práca  |c Andrea Kulcsárová ; školiteľ: Cecília Olexová 
264 1 |a Košice  |c 2018 
300 |a 66 s. 
100 1 |a Kulcsárová, Andrea 
700 1 |a Olexová, Cecília, 1976- 
710 2 |a Podnikovohospodárska fakulta EU so sídlom v Košiciach. Katedra manažmentu